MDQL
is popping MORE tags! Check the
thread
!
Quizzes
Events
Quiz Creation
Community
Videos
Private Events
Remove Ads
Sign In
Join for FREE
Feedback
Dark Mode
Quiz Categories
Sports
Geography
Music
Movies
Television
Just For Fun
Miscellaneous
History
Literature
Language
Science
Gaming
Entertainment
Religion
Holiday
For Kids
Quiz Lab
Recent
Popular Today
Quiz Kudos Today
Editor Picks
Curator Picks
Quizzes by...
Day
Popularity
Type
Ratings
Length
Year
Community
Subscriptions
Recent Discussions
Orange Saloon
Badges
Playlists
Quests
Create
Leaderboards
Showdown
Live 5
Trivia Bingo
Activity
Puzzle Library
Sporcle Events
Private Events
Virtual Trivia
Globe League
Become a Host
Pub Owners
SporcleCon
Opinionation
Our Games
Videos
Blog
Mobile Apps
Partnerships
Remove Ads and Go Orange
Feedback
Television
TV Characters
TV Show
Sitcom
Network
Friends
Reality Shows
Cast
South Park
Star Trek
The Simpsons
Doctor Who
Television
TV Characters
TV Show
Sitcom
Network
Friends
Reality Shows
Cast
South Park
Star Trek
The Simpsons
Doctor Who
Random Quiz
Search Sporcle
×
Quiz Lab
Quiz Lab
Television
Role
Type in answers that appear in a list
Type in answers that appear in a list
Classic
Best Score? Go Orange.
NCIS: LA Characters Stats
Can you name the NCIS: LA Characters?
By
Dvisor
5m
11 Questions
4,398 Plays
4,398 Plays
4,398 Plays
Comments
Comments
Give Quiz Kudos
Give Quiz Kudos
-
- Ratings
hide this ad
More Info
Replay
Link that replays current quiz
Next Quiz
Link to next quiz in quiz playlist
You Got
0%
They Got
Avg Score
79%
Avg Friend Score
Upgrade to see
Score Distribution
Jump to the score distribution portion of the page
Score
0/11
Timer
05:00
1
Play Today
Role
Character
% Correct
Special Agent in Charge
G Callen
94.8%
Senior Field Agent
Sam Hanna
94.5%
NCIS/
LAPD Liaison Officer
Marty Deeks
90.9%
Operations Manager
Henrietta Lange
89.8%
Intelligence Analyst
Nell Jones
89.1%
Tech Operative
Eric Beal
88.7%
Junior Field Agent
Kensi Blye
88.7%
Operational Psychologist
Nate Getz
80.1%
Assistant Director
Owen Granger
72.8%
Junior Field Agent (Deceased)
Dominic Vail
68.6%
NCIS Director
Leon Vance
67%
Quiz Playlist
Details
Report
Send in Message
Add To Playlist
More Info:
Guess who have been credited as a main character in NCIS: Los Angeles.
Classic:
Type in answers that appear in a list
Quiz Source
Last Updated: Feb 16, 2017
Quiz Scoreboard
CHALLENGE
Sign Up to Join the Scoreboard
Show All
Scores
Hide
Comments
May contain spoilers
Recently Published
Street Fighter Characters
by Artimus82
Gaming
60s
9x9 Crossword: Cartoon Network
by jackfrog10
Miscellaneous
3m
College Basketball Coaching Resumes
by pancakes188
Sports
9m
More to Explore
Quiz From the Vault
Featured Blog Post
Where Did the Easter Bunny Come From?
hide this ad
You Might Also Like...
Tags
Actor Quiz
Actress Quiz
Role Quiz
TV Characters Quiz
TV Show Quiz
Character
Los Angeles
nci
ncis
NCIS Characters
Series
Today's Top Quizzes in Television
Browse Television
hide this ad
Today's Top Quizzes in Role
Browse Role
Top Contributed Quizzes in Television
1
5-to-1: The Simpsons Families
2
5-to-1: Television Doctors
3
Adjectives in 80s TV Shows
4
Adjectives in 00s TV Shows
5
7-to-1: TV Show Settings
6
Adjectives in 10s TV Shows
7
Survivor Journey Challenge
8
5-to-1: Streaming Originals
9
Survivor Seasons
10
One Piece Logic Puzzle
Explore More
Trending Topics
Disney
Marvel
Kpop
NBA
Crossword
Anime
Harry Potter
Puzzle
Pokémon
Soccer
NFL
Country
WWE
Song
The Office
hide this ad
More By:
Dvisor
Quiz
Plays
Rating
Category
Featured
Created
GTA V Main Characters
4,918
2.63
Gaming
Oct 15, 2013
NCIS: LA Characters
4,398
2.86
Television
Jun 5, 2010
World Football Rivalries
554
3.33
Sports
Jun 4, 2010
Football...Who Plays For Who? (click)
539
4.30
Sports
Sep 17, 2013
Clash of Clans Troops
380
4.00
Gaming
Jul 23, 2014
Go to Creator's Profile
Score Distribution
Quiz Creator Spotlight
Dvisor
Follow
Send a Message
Quizzes Created
-
Created Quiz Play Count
-
More By This Creator
Popular Quizzes Today
1
Find the US States - No Outlines Minefield
2
Find the Countries of Europe - No Outlines Minefield
3
The Countries of the World
4
Find the US States
5
Risky Map Clicking: Biggest States A-Z
6
US States
7
Popular People in 1961
8
Movies - When Are They Set?
More Television Quizzes
TV Personality By Funko!
Editor's Pick
Trending Quizzes
Risky Map Clicking: Least Populous States A-Z
Countries of the World: 200 Million BC
1-10 Letter G Words
Risky Map Clicking: Next State Alphabetically
Adjectives in 80s TV Shows
Recently Updated
Leaping Animals
pecheneg
Reality TV Shows (A-Z)
bhenderson79
Rickey Henderson's Hall of Fame Teammates
pecheneg
Champions League XIs: Arsenal
pecheneg
Quick Pick: Celebrities in WWE's Hall of Fame
aduchscher
A-Z Keypad Blitz II
pecheneg
Multiple Oscar Actors
pecheneg
Mystery Phrase Blitz: Oscar 'Best Actors'
pecheneg
F. Scott Fitzgerald Novels
LTH
Pick 3 Villains
ddd62291
Trending Topics
Harry Potter
Marvel
NBA
Disney
Crossword
Anime
Kpop
Song
Country
Pokémon
WWE
Soccer
NFL
The Office
Puzzle
Your Account Isn't Verified!
In order to create a playlist on Sporcle, you need to verify the email address you used during registration. Go to your
Sporcle Settings
to finish the process.
Report this User
Report this user for behavior that violates our
Community Guidelines
.
Details:
Send Report
Go to the Sporcle.com Mobile Site →
Comments